000 00825nam a2200265 i 4500
001 42602
003 ES-MaACL
005 20230906160638.0
007 t|
008 030313s1977 sp ||||1| spa d
020 _a84-336-0139-3
080 _a658.21(44)
080 _a711.554(44)
100 1 _aCastells, Manuel.
_936590
245 1 0 _aSociología del espacio industrial /
_cManuel Castells ; traducción [del francés] de Coro Baroja y Carmen Gavira.
260 _a[Madrid] :
_bAyuso,
_c[1977]
300 _a235 p. ;
_c20 cm.
490 1 _aCiudad y sociedad ;
_v2
650 1 4 _aLocalización industrial-
_zFrancia.
_914691
700 1 _aBaroja, Coro.
_925751
700 1 _aGavira, Carmen.
_956087
830 0 _aCiudad y sociedad ;
_v2
_9181950
852 _aES-MaACL
_jA-8492
_bR.97496
999 _c42602
_d42602